Euro Truck Simulator 2 Countries - Statistics

General Stats
  • This quiz has been taken 132 times
  • The average score is 42 of 45
Answers on the Map
Answers color-coded by a green-red scale on the quiz's map according to % correct below.
 
Answer Stats
Section of Map Country % Correct
Base Map France
99%
Viva La France France
99%
Base Map Germany
99%
Base Map United Kingdom
99%
Base Map Italy
98%
Italia Italy
98%
Base Map Netherlands
98%
Scandinavia Norway
98%
Nordic Horizons (2025) Norway
98%
Base Map Belgium
97%
Iberia Portugal
97%
Beyond the Baltic Sea Russia
97%
Iberia Spain
97%
Base Map Switzerland
97%
Scandinavia Finland
96%
Nordic Horizons (2025) Finland
96%
Base Map Poland
96%
Going East Poland
96%
Scandinavia Sweden
96%
Nordic Horizons (2025) Sweden
96%
Base Map Austria
95%
Scandinavia Denmark
95%
Greece Greece
95%
Base Map Slovenia
95%
Going East Slovenia
95%
West Balkans Slovenia
95%
Base Map Luxembourg
94%
Road to the Black Sea Romania
94%
Road to the Black Sea Bulgaria
93%
West Balkans Croatia
93%
Going East Hungary
93%
West Balkans Serbia
93%
Base Map Slovakia
93%
Going East Slovakia
93%
Base Map Czech Republic
91%
Going East Czech Republic
91%
Beyond the Baltic Sea Estonia
91%
West Balkans Albania
90%
West Balkans Bosnia and Herzegovina
90%
Beyond the Baltic Sea Lithuania
89%
West Balkans North Macedonia
89%
West Balkans Kosovo
88%
Beyond the Baltic Sea Latvia
88%
West Balkans Montenegro
87%
Road to the Black Sea Turkey
80%
No matching quizzes found
Score Distribution
Percent of People with Each Score
Percentile by Number Answered
Your Score History
You have not taken this quiz